000 00497cam a2200193ua 4500
001 2687
005 20260515113542.0
008 110909n enk |||gr||||Z||||||asm
040 _cMAIN
082 _a891.4512
100 _aAgarwalla, Jyotiprasad,
_eAuthor.
245 1 1 _aNimati kaina
_cby Jyotiprasad Agarawalla
250 _a2nd.
260 _aGuahati:
_bSecretary publication board assam,
_c2008.
300 _a52p:
_c23cm.
653 _aAssamese drama
653 _aNimati kaina
942 _cBK
999 _c2536
_d2536